Zákony 2005 : úplné znenie zákonov z oblasti pracovnoprávnej, mzdovej a sociálnej a súvisiace predpisy platné k 1.1.2005. III., Zákonník práce. Zákon o minimálnej mzde. Zákon o sociálnej pomoci. Sociálne poistenie. Zdravotné poistenie. Sociálne zákony. Zákon o inšpekcii práce
Uložené v:
| Korporatívny autor: | |
|---|---|
| Médium: | Kniha |
| Jazyk: | Slovak |
| Vydané: |
Žilina :
Poradca,
[2005]
|
| Vydanie: | [1. vyd.] |
| Témy: | |
| Fyzický popis: |
600 s. : tab. ; 21 cm |
| Tagy: |
Pridať tag
Žiadne tagy, Buďte prvý kto otaguje tento záznam!
|
Titul je dostupný aj v ... 

MARC
| LEADER | 00000nam a2200000 a 4500 | ||
|---|---|---|---|
| 001 | 000008521 | ||
| 005 | 20050324064645.0 | ||
| 008 | 050303s2005 xo e l 000 0 sloo | ||
| 022 | |a 1335-1583 | ||
| 040 | |a SVKKK |b slo |c SVKKK |e AACR2 | ||
| 041 | 0 | |a slo | |
| 044 | |a xo |c SK | ||
| 072 | 7 | |a 34 |x Právo |2 konspekt | |
| 080 | |a 349.2 |2 1997 | ||
| 080 | |a 349.232 |2 1997 | ||
| 080 | |a 342.734 |2 1997 | ||
| 080 | |a (094.5) |2 1997 | ||
| 110 | 1 | |a Slovensko |4 aut | |
| 240 | 1 | 0 | |a Zákony, etc. |
| 245 | 1 | 0 | |a Zákony 2005 : |b úplné znenie zákonov z oblasti pracovnoprávnej, mzdovej a sociálnej a súvisiace predpisy platné k 1.1.2005. |n III., |p Zákonník práce. |p Zákon o minimálnej mzde. |p Zákon o sociálnej pomoci. |p Sociálne poistenie. |p Zdravotné poistenie. |p Sociálne zákony. |p Zákon o inšpekcii práce |
| 246 | 3 | 0 | |a Zákonník práce |
| 246 | 3 | 0 | |a Zákon o minimálnej mzde |
| 246 | 3 | 0 | |a Zákon o sociálnej pomoci |
| 246 | 3 | 0 | |a Sociálne poistenie |
| 246 | 3 | 0 | |a Zdravotné poistenie |
| 246 | 3 | 0 | |a Sociálne zákony |
| 246 | 3 | 0 | |a Zákon o inšpekcii práce |
| 250 | |a [1. vyd.] | ||
| 260 | |a Žilina : |b Poradca, |c [2005] | ||
| 300 | |a 600 s. : |b tab. ; |c 21 cm | ||
| 500 | |a Súčasť predplatného mesačníka Poradca 2005 | ||
| 504 | |a Obsahuje odkazy k textu | ||
| 650 | 0 | 7 | |a pracovné právo |2 SVKKKPH |
| 650 | 0 | 7 | |a mzdy |2 SVKKKPH |
| 650 | 0 | 7 | |a právo sociálneho zabezpečenia |2 SVKKKPH |
| 655 | 7 | |a zákony |2 SVKKKPH | |
| 998 | |a BK | ||
| 090 | |g SCKHL |k Sklad Pribinova 2. posch. |a III.198729 |j 966664 |i 2720024787 |s Absenčne | ||
| 090 | |g SCKHL |k Sklad Pribinova 2. posch. |a III.198730 |j 966665 |i 2720024793 |s Absenčne | ||